Estadísticas para Áreas metropolitanas más grandes de EE. UU.

Haz click aquí para intentar la prueba.

Estadísticas generales

  • Esta prueba ha sido intentada 78 veces
  • La puntuación promedio es 34 de 100

Respuestas en el mapa

Las respuestas están codificadas por una escala verde-roja en el mapa de la prueba según el % correcto abajo.
 

Estadísticas de respuestas

PoblaciónÁrea Urbana% Correcto
12 872 322Los Ángeles
100%
19 617 869Nueva York
96%
6 139 340Miami
91%
9 441 957Chicago
89%
7 340 118Houston
84%
6 373 756Washington D. C.
84%
4 579 599San Francisco
82%
4 900 550Boston
79%
4 034 248Seattle
79%
7 943 685Dallas
75%
3 276 208San Diego
74%
2 322 985Las Vegas
70%
4 345 761Detroit
65%
6 241 164Filadelfia
65%
2 764 182Orlando
65%
5 015 678Phoenix
65%
1 246 176Nueva Orleans
63%
6 222 106Atlanta
61%
2 421 115Austin
61%
2 985 871Denver
61%
2 655 342San Antonio
60%
995 638Honolulu
58%
2 141 779Indianápolis
58%
2 509 489Portland, OR
56%
2 416 702Sacramento
56%
2 209 494Kansas City
54%
3 693 729Mineápolis
54%
919 543Albuquerque
53%
2 801 319San Luis
51%
1 266 191Salt Lake City
49%
3 290 730Tampa
49%
2 835 672Baltimore
47%
2 756 069Charlotte
47%
583 197Jackson, MS
47%
872 195El Paso
44%
1 459 380Oklahoma City
44%
2 046 828Nashville
42%
1 938 524San José
40%
1 675 668Jacksonville
39%
1 332 305Memphis
39%
2 063 132Cleveland
37%
1 057 597Tucson
37%
1 161 192Búfalo
35%
2 161 511Columbus
33%
1 559 792Milwaukee
33%
2 265 051Cincinnati
32%
2 349 172Pittsburgh
32%
694 523Springfield, MA
32%
729 053Des Moines
30%
976 671Omaha
28%
1 484 338Raleigh
26%
811 336Boise
25%
904 617Albany
23%
847 686Columbia, SC
23%
1 015 190Fresno
23%
1 284 553Louisville
23%
830 529Charleston, SC
21%
1 116 857Birmingham
19%
1 673 802Providence
19%
624 083Augusta
18%
873 060Baton Rouge
18%
1 221 725Hartford
18%
1 339 182Richmond
18%
640 384Toledo
18%
1 034 123Tulsa
18%
1 806 840Virginia Beach
16%
907 968Knoxville
14%
687 077Madison
14%
869 527New Haven
14%
603 493Harrisburg
12%
757 615Little Rock
12%
650 039Wichita
12%
765 424Colorado Springs
11%
1 094 198Grand Rapids
11%
1 081 152Rochester
11%
697 627Akron
9%
888 367McAllen
9%
4 667 558Riverside /
San Bernardino
9%
597 919Spokane
9%
916 108Bakersfield
5%
812 595Dayton
5%
664 310Durham
5%
822 453Fort Myers
5%
784 101Greensboro
5%
958 958Greenville
5%
713 839Ogden
5%
715 001Provo
5%
653 633Syracuse
5%
962 946Bridgeport
4%
630 693Melbourne, FL
4%
793 229Stockton
4%
688 471Winston-Salem
4%
980 137Worcester
4%
871 229Allentown
2%
705 897Daytona Beach
2%
576 403Fayetteville
2%
787 404Lakeland
2%
832 605Oxnard
2%
703 486Poughkeepsie
2%
891 411Sarasota
2%

Distribución de puntuación

Porcentaje por número respondido

Porcentaje de gente con cada puntuación

Historial de tus puntuaciones

No has intentado esta prueba.